TEORIA ECONOMICA MICROECONOMIA TEORIA DEL CONSUMO, : (Registro nro. 19455)
[ vista simple ]
| 000 -LEADER | |
|---|---|
| fixed length control field | 00532nam a2200169 a 4500 |
| 001 - CONTROL NUMBER | |
| control field | 19455 |
| 005 - DATE AND TIME OF LATEST TRANSACTION | |
| control field | 20180713212909.0 |
| 008 - FIXED-LENGTH DATA ELEMENTS--GENERAL INFORMATION | |
| fixed length control field | 140415s1990 000 0 spa d |
| 020 ## - INTERNATIONAL STANDARD BOOK NUMBER | |
| International Standard Book Number | 9682438454 |
| 041 ## - LANGUAGE CODE | |
| Language code of text/sound track or separate title | spa |
| 082 ## - DEWEY DECIMAL CLASSIFICATION NUMBER | |
| Classification number | 338.521 |
| Item number | SCH |
| 100 1# - MAIN ENTRY--PERSONAL NAME | |
| Personal name | SCHEIFLER AMEZAGA, XAVIER |
| 245 10 - TITLE STATEMENT | |
| Title | TEORIA ECONOMICA MICROECONOMIA TEORIA DEL CONSUMO, : |
| Remainder of title | TEORIA DEL MERCADO, TEORIA DE LA PRODUCCION |
| 260 ## - PUBLICATION, DISTRIBUTION, ETC. | |
| Place of publication, distribution, etc. | [s.l.] : |
| Name of publisher, distributor, etc. | TRILLAS, |
| Date of publication, distribution, etc. | 1990 |
| 300 ## - PHYSICAL DESCRIPTION | |
| Extent | 295 |
| 650 14 - SUBJECT ADDED ENTRY--TOPICAL TERM | |
| Topical term or geographic name entry element | CONSUMO (ECONOMIA) |
| General subdivision | ECONOMIA |
| -- | OFERTA Y DEMANDA |
| Withdrawn status | Lost status | Source of classification or shelving scheme | Damaged status | Not for loan | Collection code | Home library | Current library | Shelving location | Date acquired | Source of acquisition | Inventory number | Total Checkouts | Full call number | Barcode | Date last seen | Price effective from | Koha item type |
|---|---|---|---|---|---|---|---|---|---|---|---|---|---|---|---|---|---|
| Dewey Decimal Classification | General | Biblioteca Karol Wojtyla | Biblioteca Karol Wojtyla | Sala general | 03/12/2013 | Compra | 151000000000000000051552 | 338.521 SCH | 9314 | 05/01/2026 | 03/12/2013 | Libro | |||||
| Dewey Decimal Classification | General | Biblioteca Karol Wojtyla | Biblioteca Karol Wojtyla | Sala general | 03/12/2013 | Compra | 151000000000000000051553 | 338.521 SCH | 38936 | 05/01/2026 | 03/12/2013 | Libro |